00203nam a2200085Ia 4500008004100000100001800041245002700059260002200086260000900108170620s9999 xx 000 0 und d aPandey- V. C. 0aEducational Technology bDelhi- Isha Books c2006